00492nam a2200157Ia 450000500170000000800410001702000150005808200190007310000170009210000150010924501010012426000590022530000170028465000130030165000200031420241218051853.0240331s9999 xx 000 0 und d a9555800634 bMAL25650a305 aDe Alwis , M aHyndman, J 0aCapacity-Building in Conflict ZonesbA Feminist Analysis of Humanitarian Assistance in Sri Lanka aColombobInternational Centre for Ethnic Studiesc2002 axiii, 64 p., aFeminism aHumanitarianism